Third Biggest Cities Quiz - Statistics

General Stats
  • This quiz has been taken 45 times
  • The average score is 12 of 15
Answer Stats
Country City % Correct
United States Chicago
98%
France Lyon
98%
United Kingdom Manchester
98%
Italy Naples
98%
Canada Vancouver
95%
Brazil Brasilia
93%
Australia Brisbane
91%
Japan Osaka
88%
Spain Valencia
88%
South Africa Durban
77%
Mexico Guadalajara
77%
India Bengaluru
65%
China Chongqing
49%
Russia Novosibirsk
49%
Indonesia Medan
47%
No matching quizzes found
Score Distribution
Percent of People with Each Score
Percentile by Number Answered
Your Score History
You have not taken this quiz